Wachstumszyklen : Über Die Neue Form der Konjunkturschwankungen. Theoretische und Empirische Beiträge.

Bibliographic Details
Main Author: Ott, Alfred E.
Format: eBook
Language:German
Published: Berlin : Duncker & Humblot, 1973.
Edition:1st ed.
Series:Schriften des Vereins Für Socialpolitik Series
Subjects:
Online Access:Click to View
LEADER 06072nam a22004093i 4500
001 EBC7100905
003 MiAaPQ
005 20240729202203.0
006 m o d |
007 cr cnu||||||||
008 240729s1973 xx o ||||0 ger d
020 |a 9783428428939  |q (electronic bk.) 
020 |z 9783428028931 
035 |a (MiAaPQ)EBC7100905 
035 |a (Au-PeEL)EBL7100905 
035 |a (OCoLC)1347025792 
040 |a MiAaPQ  |b eng  |e rda  |e pn  |c MiAaPQ  |d MiAaPQ 
100 1 |a Ott, Alfred E. 
245 1 0 |a Wachstumszyklen :  |b Über Die Neue Form der Konjunkturschwankungen. Theoretische und Empirische Beiträge. 
250 |a 1st ed. 
264 1 |a Berlin :  |b Duncker & Humblot,  |c 1973. 
264 4 |c {copy}1973. 
300 |a 1 online resource (270 pages) 
336 |a text  |b txt  |2 rdacontent 
337 |a computer  |b c  |2 rdamedia 
338 |a online resource  |b cr  |2 rdacarrier 
490 1 |a Schriften des Vereins Für Socialpolitik Series 
505 0 |a Intro -- Vorwort des Herausgebers -- Inhaltsverzeichnis -- Tycho Seitz, Bochum: Die Entwicklung der Konjunkturtheorie seit den „Contributions" von Hicks -- I -- II -- III -- IV -- 1. Das Modell von Goodwin -- 2. Das Modell von Smithies -- 3. Das Modell von Phillips -- V -- Jürgen Kromphardt, Giessen: Überlegungen zur Unvermeidbarkeit von Konjunkturschwankungen in Marktwirtschaften -- Zahlenbeispiel für den Ablauf des Konjunkturzyklus nach der Kapitalanpassungshypothese -- Anhang. Bestimmung der Mindestwerte für den Parameter λ im modifizierten Hicks-Modell -- Heinz Holländer, Regensburg: Ein Beitrag zur Konjunkturtheorie -- 1. Problem und theoretischer Rahmen -- 2. Mengeneffekte bei freien Kapazitäten -- 3. Mengeneffekte und Vollbeschäftigung -- 4. Investitionsquote, Profitrate, Löhne und Preise -- 5. Der „reale" Konjunkturzyklus -- 6. Die Rolle des Geldes im Konjunkturzyklus -- Anhang -- A. -- B. -- C. -- D. -- Bernd Schips, Bochum: Lag-Hypothesen in makroökonomischen Konjunkturmodellen -- Anhang -- Hans-Jürgen Krupp, Frankfurt am Main: Die Implikationen des dynamischen Verhaltens ökonometrischer Systeme für die Konjunkturtheorie -- 1. Ökonometrische Systeme als Hilfsmittel der empirischen Überprüfung konjunkturtheoretischer Ansätze -- 1.1 Der Stand empirischer Überprüfung der traditionellen Konjunkturtheorie -- 1.2 Implikationen der Existenz ökonometrischer Systeme für den methodologischen Status konjunkturtheoretischer Ansätze -- 1.3. Der Zeithorizont ökonometrischer Systeme und seine Konsequenzen -- 1.4 Die empirische Überprüfung konjunkturtheoretischer Hypothesen durch die Simulation ökonometrischer Systeme -- 2. Das dynamische Verhalten ökonometrischer Systeme -- 2.1 Differenzengleichungssysteme als schwingende Systeme -- 2.2 Das dynamische Verhalten der Standardversionen ökonometrischer Systeme -- 2.3 Anpassungsprozesse nach Systemanstößen. 
505 8 |a 2.4 Das dynamische Verhalten stochastisierter ökonometrischer Systeme -- 3. Die Überprüfung konjunkturtheoretischer Hypothesen -- 3.1 Die Überprüfung von konjunkturtheoretisch relevanten Einzelhypothesen -- 3.2 Wirtschaftspolitische Time Lags als Konjunkturerzeuger -- 3.3 Stochastische Konjunkturhypothesen -- 4. Konsequenzen der Simulation ökonometrischer Systeme für die Konjunkturtheorie -- Gunther Tichy, Wien: Empirische und theoretische Überlegungen zur neuen Form der Konjunkturschwankungen -- Als Einleitung: Zur Definition der Konjunkturschwankungen -- Stärke der Schwankungen -- Charakteristika der Nachkriegskonjunkturschwankungen -- Die Ursachen der neuen Form der Konjunktur -- Einige Überlegungen zur Konjunkturtheorie -- Alfred E. Ott/Adolf Wagner, Tübingen: Materialien zu den Wachstumszyklen in der Bundesrepublik Deutschland -- I -- II -- III -- Bernd Schips, Bochum: Ergebnisse einer Analyse der wirtschaftlichen Entwicklung in der BRD von 1950-1971 -- Kurt W. Rothschild, Linz: Bemerkungen zur konjunkturellen Entwicklung der österreichischen Wirtschaft 1954-1970 -- 1. Vorbemerkung -- 2. Periode und Rahmenbedingungen -- 3. Schwankungen des Wachstums -- 4. Zur Periodisierung des Zyklus -- 5. Komponenten der Schwankungen -- 6. Konjunkturchronik -- Henner Kleinewefers, Zürich: Die aussenwirtschaftliche Beeinflussung des monetären Geschehens in der Schweiz -- I. Einleitung -- 1. Langfristige Aspekte des monetären Geschehens in der Schweiz -- 2. Kurzfristige Aspekte des monetären Geschehens in der Schweiz -- II. Die Zahlungsbilanz der Schweiz -- 1. Überblick -- 2. Handels- und Ertragsbilanz -- 3. Die Kapitalbilanz -- III. Die Determinanten des schweizerischen Kapitalverkehrs mit dem Ausland -- 1. Erläuterungen zu den Methoden der Analyse und der Darstellung -- 2. Der Restposten der schweizerischen Zahlungsbilanz (KM: +, KX: -). 
505 8 |a 3. Der Kapitalverkehr in den Bankbilanzen insgesamt -- a) Veränderungen der Auslandsaktiva (KM: -, KX: +) -- b) Veränderungen der Auslandspassiva (KM: +, KX: -) -- c) Veränderungen des Nettoauslandstatus (KM: -, KX: +) -- 4. Das Drehscheibengeschäft -- a) Veränderungen der ausländischen Bankendebitoren auf Zeit (KM: -, KX: +) -- b) Veränderungen der ausländischen Bankenkreditoren auf Zeit (KM: +, KX: -) -- 5. Das Kreditgeschäft mit ausländischen Nichtbanken: Veränderungen der ausländischen Kontokorrentdebitoren (KM: -, KX: +) -- IV. Zusammenfassung der Ergebnisse -- Variablenverzeichnis. 
588 |a Description based on publisher supplied metadata and other sources. 
590 |a Electronic reproduction. Ann Arbor, Michigan : ProQuest Ebook Central, 2024. Available via World Wide Web. Access may be limited to ProQuest Ebook Central affiliated libraries.  
655 4 |a Electronic books. 
776 0 8 |i Print version:  |a Ott, Alfred E.  |t Wachstumszyklen  |d Berlin : Duncker & Humblot,c1973  |z 9783428028931 
797 2 |a ProQuest (Firm) 
830 0 |a Schriften des Vereins Für Socialpolitik Series 
856 4 0 |u https://ebookcentral.proquest.com/lib/matrademy/detail.action?docID=7100905  |z Click to View